Collective management of copyright and related rights in the music industry and the Internet /
Saved in:
| Main Author: | |
|---|---|
| Format: | Manuscript |
| Language: | English |
| Published: |
2002 Fall.
|
| Subjects: | |
| Tags: |
Add Tag
No Tags, Be the first to tag this record!
|
| LEADER | 01098ntm a2200277 a 4500 | ||
|---|---|---|---|
| 001 | 009152255-2 | ||
| 005 | 20070921094100.0 | ||
| 008 | 030723s2003 xx bm 000|0 eng d | ||
| 035 | 0 | |a ocm57631679 | |
| 040 | |a MH-L |c MH-L | ||
| 050 | 4 | |a K1420.5 |b .F725x 2002 | |
| 100 | 1 | |a Fragomeni de Oliveira, Laura. | |
| 245 | 1 | 0 | |a Collective management of copyright and related rights in the music industry and the Internet / |c Laura Fragomeni de Oliveira. |
| 246 | 3 | |a Harvard Law School thesis |5 law | |
| 260 | |c 2002 Fall. | ||
| 300 | |a 66 leaves ; |c 28 cm. | ||
| 500 | |a Printout. | ||
| 500 | |a "Submitted to Professor Paul Weiler in fulfillment of the LL.M. Writing Requirement and in conjunction with the Entertainment, Media and the Law Course Fall 2002." | ||
| 502 | |a Thesis (LL. M.)--Harvard Law School, 2003. | ||
| 504 | |a Includes bibliographical references (leaves 63-66). | ||
| 650 | 0 | |a Copyright and electronic data processing. | |
| 650 | 0 | |a Copyright |x Music. | |
| 650 | 0 | |a Copyright |x Electronic information resources. | |
| 650 | 0 | |a Internet |x Law and legislation. | |
| 988 | |a 20030723 | ||
| 906 | |0 MH | ||


